INTERNATIONAL RELATIONS (Record no. 33227)

MARC details
000 -LEADER
fixed length control field 00356nam a22001457a 4500
003 - CONTROL NUMBER IDENTIFIER
control field SGT
020 ## - INTERNATIONAL STANDARD BOOK NUMBER
International Standard Book Number 9789364446310
082 ## - DEWEY DECIMAL CLASSIFICATION NUMBER
Classification number 327
Item number KUM
100 ## - MAIN ENTRY--PERSONAL NAME
Personal name KUMAR ASHOK
245 ## - TITLE STATEMENT
Title INTERNATIONAL RELATIONS
Remainder of title FOR CIVIL SERVICES AND STATE SERVICES EXAMINATIONS
250 ## - EDITION STATEMENT
Edition statement 2ND
260 ## - PUBLICATION, DISTRIBUTION, ETC. (IMPRINT)
Place of publication, distribution, etc INDIA
Name of publisher, distributor, etc MC GRAW HILL
Year of Publication 2026
300 ## - PAGE DESCRIPTION
No. of Pages 325
942 ## - ADDED ENTRY ELEMENTS (KOHA)
Source of classification or shelving scheme Dewey Decimal Classification
Koha item type Books
Holdings
Withdrawn status Lost status Source of classification or shelving scheme Damaged status Not for loan Collection code Home library Current library Shelving location Date acquired SGTU Total Checkouts Full call number Accession No. (Barcode) Date last seen Bill Date Koha item type Date last borrowed
    Dewey Decimal Classification     COMMERCE MANAGEMENT SGT Science & Social Sciences Library SGT Science & Social Sciences Library Text Book 20/12/2025 SGTU   327 KUM CM7428 20/12/2025 20/12/2025 Books  
    Dewey Decimal Classification     COMMERCE MANAGEMENT SGT Science & Social Sciences Library SGT Science & Social Sciences Library Text Book 20/12/2025 SGTU 1 327 KUM CM7429 25/03/2026 20/12/2025 Books 11/03/2026
    Dewey Decimal Classification     COMMERCE MANAGEMENT SGT Science & Social Sciences Library SGT Science & Social Sciences Library Text Book 20/12/2025 SGTU   327 KUM CM7430 20/12/2025 20/12/2025 Books